[Event "Barcelona Sant Marti 4th"]
[Site "Barcelona"]
[Date "2012.10.26"]
[Round "7"]
[White "Exposito Amaro, Josue"]
[Black "Aranda Gonzalez, Jose"]
[Result "1-0"]
[WhiteElo "2287"]
[BlackElo "2270"]
[PlyCount "71"]
[EventDate "2012.09.29"]
[EventType "tourn"]
[EventRounds "9"]
[EventCountry "ESP"]
[EventCategory "3"]
[SourceTitle "EXT 2013"]
[Source "ChessBase"]
[SourceDate "2012.11.22"]
[SourceVersion "1"]
[SourceVersionDate "2012.11.22"]
[SourceQuality "1"]

1. Nc3 d5 2. e4 d4 3. Nce2 c5 4. Ng3 Nc6 5. Bc4 Nf6 6. d3 b5 7. Bb3 Na5 8. Nf3 e6 9. 0-0 Be7 10. c3 dxc3 11. bxc3 Nxb3 12. Qxb3 Bd7 13. c4 Rb8 14. Rb1 0-0 15. Bf4 Rb6 16. Qa3 Qa8 17. Bg5 b4 18. Qc1 Qd8 19. e5 Ne8 20. Qe3 Bc6 21. Ne4 Bxg5 22. Nfxg5 h6 23. Nf3 Bxe4 24. Qxe4 f5 25. Qe3 Qe7 26. d4 cxd4 27. Nxd4 Nc7 28. Rfc1 Rc8 29. c5 Nd5 30. cxb6 Nxe3 31. Rxc8+ Kh7 32. fxe3 axb6 33. Rbc1 Qg5 34. Nxe6 Qxe3+ 35. Kh1 Qxe5 36. Nf8+ 1-0

[Event "Barcelona Sant Marti 4th"]
[Site "Barcelona"]
[Date "2012.10.21"]
[Round "6"]
[White "Aranda Gonzalez, Jose"]
[Black "Cruz, Jonathan"]
[Result "1/2-1/2"]
[WhiteElo "2270"]
[BlackElo "2450"]
[PlyCount "80"]
[EventDate "2012.09.29"]
[EventType "tourn"]
[EventRounds "9"]
[EventCountry "ESP"]
[EventCategory "3"]
[SourceTitle "EXT 2013"]
[Source "ChessBase"]
[SourceDate "2012.11.22"]
[SourceVersion "1"]
[SourceVersionDate "2012.11.22"]
[SourceQuality "1"]

1. e4 e5 2. Nf3 Nc6 3. Bb5 a6 4. Ba4 Nf6 5. d4 exd4 6. 0-0 d6 7. Nxd4 Bd7 8. Nxc6 Bxc6 9. Bxc6+ bxc6 10. Nc3 g6 11. Bg5 h6 12. Bh4 Be7 13. f4 0-0 14. Qf3 Rb8 15. b3 d5 16. e5 Ne8 17. Bf2 Ng7 18. Rad1 Qc8 19. Ne2 Qb7 20. g4 f5 21. exf6 Bxf6 22. Qd3 Rbe8 23. Ng3 Bh4 24. Bd4 Bf6 25. Bc5 Be7 26. Bxe7 Rxe7 27. Qxg6 Qb6+ 28. Kh1 Re6 29. Qd3 Rfe8 30. f5 Re3 31. Qd2 Kf7 32. f6 Ne6 33. Nf5 Rh3 34. Kg2 Ng5 35. Nxh6+ Rxh6 36. Qxg5 Re2+ 37. Kf3 Re3+ 38. Kg2 Re2+ 39. Kf3 Re3+ 40. Kg2 Re2+ 1/2-1/2

[Event "Barcelona Sant Marti 4th"]
[Site "Barcelona"]
[Date "2012.10.14"]
[Round "5"]
[White "Nunez Lucero, Francisco Alex"]
[Black "Aranda Gonzalez, Jose"]
[Result "1/2-1/2"]
[WhiteElo "2186"]
[BlackElo "2270"]
[PlyCount "33"]
[EventDate "2012.09.29"]
[EventType "tourn"]
[EventRounds "9"]
[EventCountry "ESP"]
[EventCategory "3"]
[SourceTitle "EXT 2013"]
[Source "ChessBase"]
[SourceDate "2012.11.22"]
[SourceVersion "1"]
[SourceVersionDate "2012.11.22"]
[SourceQuality "1"]

1. e4 c6 2. d4 d5 3. exd5 cxd5 4. c4 Nf6 5. Nc3 Nc6 6. Nf3 Bg4 7. cxd5 Nxd5 8. Qb3 Bxf3 9. gxf3 e6 10. Qxb7 Nxd4 11. Bb5+ Nxb5 12. Qc6+ Ke7 13. Qxb5 Qd7 14. Qxd7+ Kxd7 15. Nxd5 exd5 16. 0-0 Bc5 17. Rd1 1/2-1/2

[Event "Barcelona Sant Marti 4th"]
[Site "Barcelona"]
[Date "2012.10.06"]
[Round "2"]
[White "Aranda Gonzalez, Jose"]
[Black "Sanchez Ibern, Marc"]
[Result "1/2-1/2"]
[WhiteElo "2270"]
[BlackElo "2332"]
[PlyCount "37"]
[EventDate "2012.09.29"]
[EventType "tourn"]
[EventRounds "9"]
[EventCountry "ESP"]
[EventCategory "3"]
[SourceTitle "EXT 2013"]
[Source "ChessBase"]
[SourceDate "2012.11.22"]
[SourceVersion "1"]
[SourceVersionDate "2012.11.22"]
[SourceQuality "1"]

1. e4 c5 2. Nc3 Nc6 3. g3 g6 4. Bg2 Bg7 5. d3 d6 6. f4 e5 7. Nh3 Nge7 8. 0-0 Nd4 9. Be3 h5 10. fxe5 dxe5 11. Nf2 h4 12. g4 Be6 13. Na4 Qa5 14. c3 Bd7 15. b3 Ne6 16. Nxc5 Nxc5 17. b4 Qa3 18. Bxc5 Qxc3 19. Qf3 1/2-1/2

[Event "Barcelona Sant Marti op-A 14th"]
[Site "Barcelona"]
[Date "2012.07.21"]
[Round "9"]
[White "Aranda Gonzalez, Jose"]
[Black "Mosquera Klinger, Miguel Alonso"]
[Result "1-0"]
[WhiteElo "2245"]
[BlackElo "2395"]
[PlyCount "70"]
[EventDate "2012.07.13"]
[EventType "swiss"]
[EventRounds "9"]
[EventCountry "ESP"]
[SourceTitle "CBM 149 Extra"]
[Source "ChessBase"]
[SourceDate "2012.08.24"]
[SourceVersion "1"]
[SourceVersionDate "2012.08.24"]
[SourceQuality "1"]

1. e4 Nf6 2. e5 Nd5 3. d4 d6 4. c4 Nb6 5. exd6 cxd6 6. Nc3 g6 7. Be3 Bg7 8. Rc1 0-0 9. b3 e5 10. dxe5 dxe5 11. Qxd8 Rxd8 12. c5 N6d7 13. Bc4 Nc6 14. Nf3 h6 15. Nb5 e4 16. Nd2 Nde5 17. Nxe4 Nb4 18. 0-0 Nxa2 19. Rcd1 Bg4 20. f3 Nxc4 21. bxc4 Be6 22. Nc7 Rac8 23. Nxe6 fxe6 24. Rxd8+ Rxd8 25. Rb1 a5 26. Rxb7 Nb4 27. Rb6 Ra8 28. Bd2 Nd3 29. Rd6 Ne5 30. c6 Nxc4 31. Rd7 Nb6 32. Rb7 a4 33. c7 Be5 34. Bc3 Bxc7 35. Rxc7 a3 1-0

[Event "Barcelona Sant Marti op-A 14th"]
[Site "Barcelona"]
[Date "2012.07.18"]
[Round "6"]
[White "Dominguez Pons, Eric"]
[Black "Aranda Gonzalez, Jose"]
[Result "0-1"]
[WhiteElo "2325"]
[BlackElo "2245"]
[PlyCount "88"]
[EventDate "2012.07.13"]
[EventType "swiss"]
[EventRounds "9"]
[EventCountry "ESP"]
[SourceTitle "CBM 149 Extra"]
[Source "ChessBase"]
[SourceDate "2012.08.24"]
[SourceVersion "1"]
[SourceVersionDate "2012.08.24"]
[SourceQuality "1"]

1. e4 e6 2. d4 d5 3. Nc3 Bb4 4. e5 c5 5. a3 Bxc3+ 6. bxc3 Qc7 7. Qg4 f6 8. Nf3 c4 9. Qg3 Qf7 10. Be2 Nc6 11. 0-0 Bd7 12. exf6 gxf6 13. Qc7 Bc8 14. Qd6 Qe7 15. Qg3 Bd7 16. Ne5 Nxe5 17. dxe5 Qf7 18. Rb1 Bc6 19. Qh3 0-0-0 20. Bf4 f5 21. Bh5 Qg7 22. Be3 b6 23. Bxb6 axb6 24. Rxb6 Ne7 25. f4 Kc7 26. Rb4 Rb8 27. Bf3 Rxb4 28. axb4 Ra8 29. Qh4 Ng6 30. Qg3 Ra2 31. h4 Qe7 32. h5 Nf8 33. Qg8 Rxc2 34. Ra1 Bb7 35. h6 Rxc3 36. Bh5 Qxb4 37. Qf7+ Nd7 38. Qxh7 Qb2 39. Rf1 Rc1 40. Qg7 Qd4+ 41. Kh2 Rxf1 42. h7 Qxf4+ 43. Qg3 Rh1+ 44. Kxh1 Qxg3 0-1

[Event "Barcelona Tancat-A 3rd"]
[Site "Barcelona"]
[Date "2011.11.26"]
[Round "9"]
[White "Sanchez Ibern, Marc"]
[Black "Aranda Gonzalez, Jose"]
[Result "1/2-1/2"]
[WhiteElo "2337"]
[BlackElo "2246"]
[PlyCount "21"]
[EventDate "2011.10.01"]
[EventType "tourn"]
[EventRounds "9"]
[EventCountry "ESP"]
[EventCategory "2"]
[SourceTitle "EXT 2013"]
[Source "ChessBase"]
[SourceDate "2012.11.22"]
[SourceVersion "1"]
[SourceVersionDate "2012.11.22"]
[SourceQuality "1"]

1. e4 e6 2. d4 d5 3. Nd2 c5 4. exd5 Qxd5 5. Ngf3 cxd4 6. Bc4 Qd6 7. 0-0 Nf6 8. Nb3 Nc6 9. Nbxd4 Nxd4 10. Nxd4 a6 11. c3 1/2-1/2

[Event "Barcelona Tancat 3rd"]
[Site "Barcelona"]
[Date "2011.10.29"]
[Round "5"]
[White "Martinez Ramirez, Erik"]
[Black "Aranda Gonzalez, Jose"]
[Result "1/2-1/2"]
[WhiteElo "2301"]
[BlackElo "2246"]
[PlyCount "88"]
[EventDate "2011.10.01"]
[EventType "tourn"]
[EventRounds "9"]
[EventCountry "ESP"]
[EventCategory "2"]
[SourceTitle "EXT 2012"]
[Source "ChessBase"]
[SourceDate "2011.11.24"]
[SourceVersion "1"]
[SourceVersionDate "2011.11.24"]
[SourceQuality "1"]

1. e4 e6 2. d3 d5 3. Qe2 dxe4 4. dxe4 b6 5. Nd2 Ba6 6. Nc4 Nf6 7. Nf3 Be7 8. c3 Nfd7 9. Qc2 0-0 10. Bf4 f6 11. 0-0-0 e5 12. Bg3 Kh8 13. h4 Qe8 14. h5 Qf7 15. b3 Rd8 16. Be2 Nc5 17. Rxd8+ Bxd8 18. Nh4 Nc6 19. Nf5 Ne7 20. Nfe3 Bb7 21. Nd2 Bc8 22. f4 exf4 23. Bxf4 Ne6 24. g3 Nxf4 25. gxf4 c6 26. Rf1 a5 27. Bf3 Ba6 28. Nec4 Bc7 29. Be2 h6 30. Kb2 a4 31. Rf2 b5 32. Ne3 Bb6 33. Ndf1 axb3 34. Qxb3 Kg8 35. Rf3 b4 36. Qxf7+ Kxf7 37. Bxa6 bxc3+ 38. Kxc3 Rxa6 39. Kb3 Ra5 40. Ng3 Rb5+ 41. Kc2 Rc5+ 42. Kb3 Rb5+ 43. Kc2 Rc5+ 44. Kb3 Rb5+ 1/2-1/2

[Event "Barcelona Tancat 3rd"]
[Site "Barcelona"]
[Date "2011.10.22"]
[Round "4"]
[White "Aranda Gonzalez, Jose"]
[Black "Cruz, Jonathan"]
[Result "0-1"]
[WhiteElo "2246"]
[BlackElo "2412"]
[PlyCount "46"]
[EventDate "2011.10.01"]
[EventType "tourn"]
[EventRounds "9"]
[EventCountry "ESP"]
[EventCategory "2"]
[SourceTitle "EXT 2012"]
[Source "ChessBase"]
[SourceDate "2011.11.24"]
[SourceVersion "1"]
[SourceVersionDate "2011.11.24"]
[SourceQuality "1"]

1. e4 c6 2. c4 e5 3. Nf3 Nf6 4. Nc3 Bc5 5. Nxe5 Qe7 6. d4 Bb4 7. Bg5 c5 8. Be2 cxd4 9. Qxd4 Bc5 10. Qd2 Qxe5 11. f4 Qe6 12. e5 Ng4 13. Ne4 Na6 14. Nxc5 Nxc5 15. Bxg4 Qxg4 16. 0-0 Ne4 17. Qb4 Nxg5 18. fxg5 b6 19. Rf2 Bb7 20. a4 Rc8 21. Raf1 Rc5 22. Qd2 0-0 23. Rf4 Qe6 0-1

[Event "Barcelona Tancat 3rd"]
[Site "Barcelona"]
[Date "2011.10.08"]
[Round "2"]
[White "Aranda Gonzalez, Jose"]
[Black "Rojas Keim, Luis Alberto"]
[Result "0-1"]
[WhiteElo "2246"]
[BlackElo "2408"]
[PlyCount "56"]
[EventDate "2011.10.01"]
[EventType "tourn"]
[EventRounds "9"]
[EventCountry "ESP"]
[EventCategory "2"]
[SourceTitle "EXT 2012"]
[Source "ChessBase"]
[SourceDate "2011.11.24"]
[SourceVersion "1"]
[SourceVersionDate "2011.11.24"]
[SourceQuality "1"]

1. e4 e6 2. d4 d5 3. Nc3 Bb4 4. Nge2 Nc6 5. a3 Ba5 6. e5 f6 7. exf6 Qxf6 8. h4 Nge7 9. Bg5 Qf7 10. Bxe7 Nxe7 11. Ng1 0-0 12. Nf3 Nf5 13. Bd3 Qf6 14. Bxf5 Qxf5 15. 0-0 Qg4 16. Qd3 c6 17. Rae1 Bc7 18. Re3 e5 19. dxe5 Bf5 20. Qd1 Bb6 21. Ree1 Bxc2 22. Qxc2 Rxf3 23. Qe2 Raf8 24. Nd1 Qxh4 25. Ne3 Bxe3 26. fxe3 Rxf1+ 27. Rxf1 Rxf1+ 28. Kxf1 Qg5 0-1

[Event "Barcelona Sant Marti op 13th"]
[Site "Barcelona"]
[Date "2011.07.14"]
[Round "2"]
[White "Jimenez Fraga, Pedro Alejandro"]
[Black "Aranda Gonzalez, Jose"]
[Result "1-0"]
[WhiteElo "2464"]
[BlackElo "2260"]
[PlyCount "67"]
[EventDate "2011.07.13"]
[EventType "swiss"]
[EventRounds "9"]
[EventCountry "ESP"]
[SourceTitle "CBM 143 Extra"]
[Source "ChessBase"]
[SourceDate "2011.08.29"]
[SourceVersion "1"]
[SourceVersionDate "2011.08.29"]
[SourceQuality "1"]

1. e4 e6 2. d3 d5 3. Nd2 Nf6 4. Ngf3 Nc6 5. g3 dxe4 6. dxe4 Bc5 7. Bg2 0-0 8. Qe2 e5 9. c3 a5 10. Nc4 Qe7 11. a4 b6 12. Nh4 Ba6 13. 0-0 Qe6 14. b3 Ne7 15. Kh1 Rad8 16. f4 Bxc4 17. bxc4 exf4 18. gxf4 Qg4 19. Qe1 Ng6 20. Nxg6 hxg6 21. e5 Nh5 22. Ra2 Rd3 23. Be4 Rh3 24. Rg2 Qd7 25. f5 Qxa4 26. Qe2 Qe8 27. Bf3 a4 28. Bg4 Rxc3 29. Bxh5 Rxc1 30. Rxc1 gxh5 31. f6 g6 32. Qxh5 Be3 33. e6 Qc6 34. exf7+ 1-0

[Event "Benidorm op U2300 08th"]
[Site "Benidorm"]
[Date "2009.12.07"]
[Round "10"]
[White "Exposito Amaro, Josue"]
[Black "Aranda Gonzalez, Jose"]
[Result "1-0"]
[WhiteElo "2231"]
[BlackElo "2276"]
[PlyCount "65"]
[EventDate "2009.11.28"]
[EventType "swiss"]
[EventRounds "10"]
[EventCountry "ESP"]
[SourceTitle "CBM 133 Extra"]
[Source "ChessBase"]
[SourceDate "2010.01.05"]
[SourceVersion "1"]
[SourceVersionDate "2010.01.05"]
[SourceQuality "1"]

1. e4 e6 2. d4 d5 3. Nc3 Bb4 4. e5 c5 5. Bd2 Ne7 6. Nb5 Bxd2+ 7. Qxd2 0-0 8. f4 a6 9. Nd6 cxd4 10. Nf3 Nbc6 11. Bd3 f6 12. 0-0 Bd7 13. Nxb7 Qb6 14. Nd6 fxe5 15. fxe5 h6 16. b3 Nxe5 17. Nxe5 Qxd6 18. Qe2 Bb5 19. Rxf8+ Rxf8 20. Bxb5 axb5 21. Re1 b4 22. Nf3 Rxf3 23. gxf3 Kf7 24. Qe5 Qxe5 25. Rxe5 Kf6 26. Re1 e5 27. a4 Nc6 28. Ra1 Na5 29. Kf2 e4 30. Rd1 Ke5 31. f4+ Kxf4 32. Rxd4 Ke5 33. Rxb4 1-0

[Event "Benidorm op active"]
[Site "Benidorm"]
[Date "2009.12.05"]
[Round "2"]
[White "Dreev, Alexey"]
[Black "Aranda Gonzalez, Jose"]
[Result "1-0"]
[WhiteElo "2660"]
[BlackElo "2276"]
[PlyCount "41"]
[EventDate "2009.12.05"]
[EventType "swiss"]
[EventRounds "11"]
[EventCountry "ESP"]
[SourceTitle "CBM 133 Extra"]
[Source "ChessBase"]
[SourceDate "2010.01.05"]
[SourceVersion "1"]
[SourceVersionDate "2010.01.05"]
[SourceQuality "1"]

1. d4 d5 2. c4 c6 3. Nf3 e6 4. Qc2 Nf6 5. Bg5 Be7 6. e3 h6 7. Bh4 0-0 8. Nc3 Nbd7 9. a3 b6 10. cxd5 exd5 11. Bd3 c5 12. 0-0 Bb7 13. Rfd1 Ne4 14. Nxd5 Bxh4 15. Bxe4 f5 16. Ne7+ Bxe7 17. Bxb7 Rb8 18. Bd5+ Kh8 19. dxc5 Qc7 20. c6 Ne5 21. Nd4 1-0

[Event "Benidorm op U2300 08th"]
[Site "Benidorm"]
[Date "2009.12.04"]
[Round "7"]
[White "Aranda Gonzalez, Jose"]
[Black "Ibarra Jerez, Juan Miguel"]
[Result "1/2-1/2"]
[WhiteElo "2276"]
[BlackElo "2237"]
[PlyCount "42"]
[EventDate "2009.11.28"]
[EventType "swiss"]
[EventRounds "10"]
[EventCountry "ESP"]
[SourceTitle "CBM 133 Extra"]
[Source "ChessBase"]
[SourceDate "2010.01.05"]
[SourceVersion "1"]
[SourceVersionDate "2010.01.05"]
[SourceQuality "1"]

1. e4 c5 2. Nc3 a6 3. g3 b5 4. Bg2 Bb7 5. d3 e6 6. f4 d5 7. exd5 Nf6 8. Nf3 Nxd5 9. Ne4 Be7 10. 0-0 Nc6 11. a4 0-0 12. c3 Qc7 13. Qe2 Na5 14. axb5 axb5 15. Be3 c4 16. Bf2 b4 17. dxc4 Qxc4 18. Nd4 Qxe2 19. Nxe2 Rfc8 20. Rfc1 Nb3 21. Rxa8 Bxa8 1/2-1/2

[Event "Benidorm op U2300 08th"]
[Site "Benidorm"]
[Date "2009.12.03"]
[Round "6"]
[White "Aranda Gonzalez, Jose"]
[Black "Goormachtigh, Johan"]
[Result "1-0"]
[WhiteElo "2276"]
[BlackElo "2230"]
[PlyCount "63"]
[EventDate "2009.11.28"]
[EventType "swiss"]
[EventRounds "10"]
[EventCountry "ESP"]
[SourceTitle "CBM 133 Extra"]
[Source "ChessBase"]
[SourceDate "2010.01.05"]
[SourceVersion "1"]
[SourceVersionDate "2010.01.05"]
[SourceQuality "1"]

1. e4 c5 2. Nc3 Nc6 3. g3 g6 4. Bg2 Bg7 5. d3 d6 6. f4 e6 7. Nf3 Nge7 8. 0-0 0-0 9. Be3 Nd4 10. e5 Bd7 11. Ne4 Nef5 12. Bf2 Nxf3+ 13. Bxf3 Bc6 14. c3 Rc8 15. g4 Bxe4 16. dxe4 Nh4 17. Bh1 g5 18. Bxh4 gxh4 19. Qxd6 Qxd6 20. exd6 e5 21. Rad1 exf4 22. Rd5 f6 23. Rxf4 Rfd8 24. g5 fxg5 25. Rff5 h6 26. e5 Bf8 27. Bf3 b6 28. Bh5 Rd7 29. e6 Rxd6 30. Rxf8+ Kxf8 31. Rxd6 Ke7 32. Rd2 1-0

[Event "Barcelona 10"]
[Site "Barcelona"]
[Date "2009.11.14"]
[Round "7"]
[White "Dominguez Pons, Eric"]
[Black "Aranda Gonzalez, Jose"]
[Result "1/2-1/2"]
[WhiteElo "2211"]
[BlackElo "2276"]
[PlyCount "93"]
[EventDate "2009.10.03"]
[EventType "tourn"]
[EventRounds "9"]
[EventCountry "ESP"]
[EventCategory "3"]
[SourceTitle "EXT 2011"]
[Source "ChessBase"]
[SourceDate "2010.11.26"]
[SourceVersion "1"]
[SourceVersionDate "2010.11.26"]
[SourceQuality "1"]

1. Nf3 d5 2. b3 Nf6 3. Bb2 g6 4. e3 Bg7 5. c4 c6 6. d4 0-0 7. Bd3 Nbd7 8. 0-0 c5 9. Nc3 cxd4 10. exd4 dxc4 11. bxc4 b6 12. Re1 Bb7 13. Ba3 Re8 14. Qe2 Bxf3 15. Qxf3 e5 16. d5 e4 17. Bxe4 Ne5 18. Qe2 Rc8 19. Bd3 Nxc4 20. Be7 Qxe7 21. Qxe7 Rxe7 22. Rxe7 Nd6 23. Nb5 Nxb5 24. Bxb5 Nxd5 25. Rae1 Nxe7 26. Rxe7 Rc1+ 27. Bf1 a5 28. a4 Bf8 29. Re4 Ra1 30. g4 Bb4 31. Rf4 Kg7 32. g5 Bd2 33. Rg4 Rb1 34. Kg2 Rb4 35. Kf3 Kf8 36. h4 Ke7 37. Bb5 f6 38. gxf6+ Kxf6 39. Rc4 Kf5 40. Bd7+ Ke5 41. Bb5 Rb3+ 42. Kg2 Rb4 43. Kf3 Rb3+ 44. Kg2 Bb4 45. Rc7 Bc5 46. Rxh7 Kf6 47. Rf7+ 1/2-1/2

[Event "Barcelona 10"]
[Site "Barcelona"]
[Date "2009.10.31"]
[Round "5"]
[White "Rojas Keim, Luis Alberto"]
[Black "Aranda Gonzalez, Jose"]
[Result "1-0"]
[WhiteElo "2357"]
[BlackElo "2276"]
[PlyCount "79"]
[EventDate "2009.10.03"]
[EventType "tourn"]
[EventRounds "9"]
[EventCountry "ESP"]
[EventCategory "3"]
[SourceTitle "EXT 2011"]
[Source "ChessBase"]
[SourceDate "2010.11.26"]
[SourceVersion "1"]
[SourceVersionDate "2010.11.26"]
[SourceQuality "1"]

1. d4 d5 2. Bg5 h6 3. Bh4 c6 4. Nf3 Qb6 5. b3 Bf5 6. e3 e6 7. Bd3 Bxd3 8. Qxd3 Be7 9. Bg3 Nf6 10. 0-0 Ne4 11. c4 Nd7 12. Nbd2 Nxg3 13. hxg3 0-0 14. c5 Qc7 15. b4 b6 16. e4 bxc5 17. bxc5 dxe4 18. Qxe4 Nf6 19. Qf4 Qxf4 20. gxf4 Nd5 21. g3 Bf6 22. Nc4 Rab8 23. Na5 Rfc8 24. Rfb1 Rb5 25. Rxb5 cxb5 26. Rd1 Bd8 27. Nb7 Bc7 28. Ne5 f6 29. Nc6 a6 30. a3 Kf7 31. Nb4 Nxb4 32. axb4 Rb8 33. c6 Bb6 34. f5 Ke7 35. fxe6 Bc7 36. d5 Bd6 37. Ra1 Ra8 38. Nc5 Bxc5 39. bxc5 a5 40. Re1 1-0

[Event "Barcelona 10"]
[Site "Barcelona"]
[Date "2009.10.24"]
[Round "4"]
[White "Aranda Gonzalez, Jose"]
[Black "Beltran Rueda, Santiago"]
[Result "1-0"]
[WhiteElo "2276"]
[BlackElo "2404"]
[PlyCount "99"]
[EventDate "2009.10.03"]
[EventType "tourn"]
[EventRounds "9"]
[EventCountry "ESP"]
[EventCategory "3"]
[SourceTitle "EXT 2011"]
[Source "ChessBase"]
[SourceDate "2010.11.26"]
[SourceVersion "1"]
[SourceVersionDate "2010.11.26"]
[SourceQuality "1"]

1. e4 c5 2. Nc3 Nc6 3. g3 e6 4. Bg2 Nf6 5. f4 d5 6. e5 Nd7 7. Nf3 b6 8. 0-0 Bb7 9. d3 Be7 10. Ne2 Qc7 11. c3 0-0 12. Be3 b5 13. Kh1 Nb6 14. b3 a5 15. a3 a4 16. b4 d4 17. bxc5 dxe3 18. cxb6 Qxb6 19. Nfd4 Nxd4 20. Nxd4 Bxg2+ 21. Kxg2 Rac8 22. Ne2 Qb7+ 23. Kg1 Rfd8 24. d4 Qc6 25. Qd3 Qe8 26. Qxe3 Qf8 27. Qc1 g6 28. Qb2 Rd5 29. g4 Rc6 30. Rf3 f6 31. exf6 Qxf6 32. Kg2 Qf8 33. Ng3 Qc8 34. Ne2 Rc4 35. h3 Qc6 36. Kg3 Qd6 37. h4 Qd8 38. Rh1 h5 39. g5 Qf8 40. Ra1 Qf5 41. Kf2 Qg4 42. Rh1 Bd6 43. Ng3 Bxf4 44. Ne4 Be5 45. Ke3 Bg7 46. Rf4 e5 47. Rxg4 exd4+ 48. cxd4 Rdxd4 49. Nf6+ Bxf6 50. Rxd4 1-0

[Event "Catalunya-chT Primera Gp1"]
[Site "Catalunya"]
[Date "2008.02.17"]
[Round "4"]
[White "Lopez Agustench, Eduard"]
[Black "Aranda Gonzalez, Jose"]
[Result "1-0"]
[WhiteElo "2274"]
[BlackElo "2304"]
[PlyCount "99"]
[EventDate "2008.01.27"]
[EventType "team-tourn"]
[EventRounds "9"]
[EventCountry "ESP"]
[SourceTitle "EXT 2019"]
[Source "ChessBase"]
[SourceDate "2018.10.10"]
[SourceVersion "1"]
[SourceVersionDate "2018.10.10"]
[SourceQuality "1"]

1. d4 e6 2. c4 d5 3. Nc3 c6 4. cxd5 cxd5 5. Bf4 Nf6 6. e3 Nc6 7. Bd3 Bd6 8. Bg3 Bxg3 9. hxg3 Qb6 10. Qe2 e5 11. dxe5 Nxe5 12. Bb5+ Ke7 13. Rd1 Rd8 14. Rh4 Bg4 15. f3 Be6 16. Kf2 g5 17. Rhd4 Rac8 18. Na4 Qc7 19. Nc3 a6 20. Ba4 Nc4 21. Rc1 b5 22. Bb3 Qb6 23. Rcd1 Qc5 24. Bxc4 dxc4 25. Qd2 Rxd4 26. exd4 Qf5 27. d5 Rd8 28. d6+ Ke8 29. a3 Qc5+ 30. Kf1 Bf5 31. Qd4 Qxd4 32. Rxd4 Kd7 33. Nge2 Kc6 34. Kf2 Rxd6 35. Ke3 Nd5+ 36. Nxd5 Rxd5 37. Nc3 Rxd4 38. Kxd4 h5 39. Nd5 Be6 40. Nf6 a5 41. Nxh5 b4 42. axb4 axb4 43. Ng7 c3 44. bxc3 b3 45. Kd3 Bc4+ 46. Kd2 Bf1 47. f4 g4 48. Nf5 Kc5 49. Kc1 Bd3 50. Ne3 1-0

[Event "Barcelona Sants op 08th"]
[Site "Barcelona"]
[Date "2006.09.01"]
[Round "8"]
[White "Aranda Gonzalez, Jose"]
[Black "Felgaer, Ruben Alejandro"]
[Result "0-1"]
[WhiteElo "2298"]
[BlackElo "2581"]
[PlyCount "106"]
[EventDate "2006.08.25"]
[EventType "swiss"]
[EventRounds "10"]
[EventCountry "ESP"]
[SourceTitle "CBM 113 Extra"]
[Source "ChessBase"]
[SourceDate "2006.09.14"]
[SourceVersion "1"]
[SourceVersionDate "2006.09.14"]
[SourceQuality "1"]

1. e4 c5 2. Nc3 Nc6 3. g3 g6 4. Bg2 Bg7 5. d3 d6 6. f4 e6 7. Nf3 Nge7 8. 0-0 0-0 9. Be3 Nd4 10. e5 Bd7 11. Ne4 Nef5 12. Bf2 Nxf3+ 13. Qxf3 Bc6 14. c3 Rc8 15. exd6 b6 16. g4 Nxd6 17. Qe2 Qd7 18. Rad1 f5 19. Nxd6 Qxd6 20. Bxc6 Rxc6 21. d4 c4 22. Bg3 Qd5 23. g5 b5 24. a3 a5 25. Qf3 Rd8 26. Qxd5 Rxd5 27. Kf2 Kf7 28. Ke3 Ke7 29. Ra1 Rd7 30. Rfd1 Kd6 31. h4 h5 32. gxh6 Bxh6 33. Rg1 Ke7 34. Rg2 Kf7 35. Kf3 Rc8 36. Bf2 Rg8 37. Rag1 Rdd8 38. Be3 Rb8 39. Bd2 Rbd8 40. Be3 Rg7 41. Bf2 Rb8 42. Be1 Rh8 43. Bf2 Rgg8 44. h5 gxh5 45. Rxg8 Rxg8 46. Rh1 Kg6 47. Rg1+ Kf7 48. Rh1 Rg4 49. Bg3 Kg6 50. Rh4 Rxh4 51. Bxh4 Bf8 52. a4 b4 53. Bd8 b3 0-1

[Event "Barbera del Valles op 27th"]
[Site "Barbera del Valles"]
[Date "2004.07.08"]
[Round "4"]
[White "Aranda Gonzalez, Jose"]
[Black "Moskalenko, Viktor"]
[Result "1/2-1/2"]
[WhiteElo "2328"]
[BlackElo "2544"]
[PlyCount "63"]
[EventDate "2004.07.05"]
[EventType "swiss"]
[EventRounds "6"]
[EventCountry "ESP"]
[SourceTitle "CBM 101 Extra"]
[Source "ChessBase"]
[SourceDate "2004.09.01"]
[SourceVersion "2"]
[SourceVersionDate "2004.09.01"]
[SourceQuality "1"]

1. e4 c5 2. Nc3 e6 3. Nge2 Nf6 4. g3 d5 5. exd5 exd5 6. Bg2 d4 7. Ne4 Nxe4 8. Bxe4 Bd6 9. d3 0-0 10. 0-0 Nd7 11. Bf4 Nf6 12. Bg2 Re8 13. Bxd6 Qxd6 14. Qd2 Nd5 15. Rfe1 Be6 16. a3 Rad8 17. h3 b6 18. Kh2 h5 19. Ng1 b5 20. Nf3 Nb6 21. Rad1 Na4 22. Qc1 Bd5 23. Rxe8+ Rxe8 24. Re1 Rxe1 25. Qxe1 Nxb2 26. Qe8+ Kh7 27. Ne5 Qe6 28. Qxb5 Bxg2 29. Kxg2 Qd5+ 30. Kg1 Qxe5 31. Qxb2 Qd5 32. Qb5 1/2-1/2